Hệ thống cung cấp dịch vụ y tế và vấn đề chăm sóc sức khoẻ sinh sản của phụ nữ ở các xã nghèo miền núi huyện Đà Bắc, tỉnh Hoà Bình /
Đã lưu trong:
| Príomhúdar: | |
|---|---|
| Údair Eile: | |
| Formáid: | Bài viết |
| Teanga: | Vietnamese |
| Ábhair: | |
| Clibeanna: |
Cuir Clib Leis
Gan Chlibeanna, Bí ar an gcéad duine leis an taifead seo a chlibeáil!
|
| Thư viện lưu trữ: | Thư viện Trường Đại học Đà Lạt |
|---|
| LEADER | 01044nam a2200313 4500 | ||
|---|---|---|---|
| 001 | DLU090066469 | ||
| 005 | ##20090410 | ||
| 040 | # | # | |a DLU |b vie |
| 041 | # | # | |a vie |
| 044 | # | # | |a vn |
| 100 | # | # | |a Nguyễn Hữu Minh. |
| 245 | # | # | |a Hệ thống cung cấp dịch vụ y tế và vấn đề chăm sóc sức khoẻ sinh sản của phụ nữ ở các xã nghèo miền núi huyện Đà Bắc, tỉnh Hoà Bình / |c Nguyễn Hữu Minh, Lê Phượng. |
| 653 | # | # | |a Chăm sóc sức khoẻ |
| 653 | # | # | |a Phụ nữ |
| 653 | # | # | |a Sức khoẻ cộng đồng |
| 653 | # | # | |a Sức khoẻ sinh sản |
| 653 | # | # | |a Y tế công cộng |
| 653 | # | # | |a Y tế tư nhân |
| 700 | # | # | |a Lê Phượng |
| 773 | # | # | |t Dân tộc học |g Số 1(115), 2002, tr. 15-22 |
| 920 | # | # | |a Phòng Tạp chí -- Trung tâm Thông tin - Thư viện Trường Đại học Đà Lạt |
| 994 | # | # | |a DLU |
| 900 | # | # | |a True |
| 911 | # | # | |a Đào Thị Thu Huyền |
| 925 | # | # | |a G |
| 926 | # | # | |a A |
| 927 | # | # | |a BB |
| 980 | # | # | |a Thư viện Trường Đại học Đà Lạt |